000 00469nam a22001817a 4500
003 NUST - PNEC
005 20170116181138.0
008 151007b xxu||||| |||| 00| 0 eng d
020 _a0273015885
040 _cLIBRARY
082 _a658 APP
100 _914449
_aAppleby, Robert C.
245 _aModern business administration
_cRobert C. Appleby
250 _a3rd ed.
260 _c1981
650 _912473
_aIndustrial management
_xMIS, IME
942 _2ddc
_cBK
999 _c70341
_d70341